000 00718nam a2200241 i 4500
001 77398
003 ES-MaACL
005 20230906173205.0
007 t|
008 041008s1970 sp ||||1| spa d
080 _a265.1/.2:23
100 1 _aHamman, Adalbert G.
_961673
245 1 3 _aEl bautismo y la confirmación /
_cA. Hamman ; [versión de Enrique Molina].
260 _aBarcelona :
_bHerder,
_c1970.
300 _a327 p. ;
_c21 cm.
490 1 _aEl misterio cristiano ;
_v11
650 4 _aBautismo.
_9135676
650 4 _aConfirmación.
_9135809
700 1 _aMolina Campos, Enrique.
_981917
830 0 _aEl misterio cristiano ;
_v11
_9181121
852 _aES-MaACL
_jC-44670
999 _c77398
_d77398